00427nam a2200121Ia 4500008004100000020002200041084002400063100002800087245005900115260002900174300002300203650007900226220326s9999||||xx |||||||||||||| ||und|| a978-979-3323-14-5 a10195 MUL Gov Bo.2a aDr. M. R. Khairul Muluk 0aMenggugat Partisipasi Publik dalam Pemerintahan Daerah aMalangbBayu Mediac2007 axxii + 338 halaman aGovernment (Pemerintahan)eG-O-VyKajian dengan Pendekatan Berpikir Sistem